000
00327 a2200157 4500
001
185261
020
_a
040
_c
Magnum
100
_a
Motta, Dantas
240
1
0
_a
Mário de Andrade: poesia
_l
por
245
1
0
_a
Mário de Andrade: poesia
300
_a
362
0
_a
1961
697
_a
LITERATURA GERAL
942
_c
BK
999
_c
185261
_d
185261